Национален парк-музей Шипка-Бузлуджа (Запис номер 375799)
[ съкратено ]
| 000 -Лидер | |
|---|---|
| Контролно поле с фиксирана дължина | nkm a22 c 4500 |
| 003 - Код на организацията, давaща контролен номер | |
| Контролно поле | BLK |
| 005 - Дата и час на последна редакция | |
| Контролно поле | 20200717155159.0 |
| 008 - Елементи от данни с фиксирана дължина | |
| fixed length control field | 180408b bul|||||r ||||||| ||bul|| |
| 040 ## - Източник на каталожния запис | |
| Идентификатор на билиотеката - собственик на записа | BLK |
| 041 ## - Код за език | |
| Код за езика на текст/звукозапис или на отделно заглавие | Български |
| Код за езика КДБФ | Български |
| 080 ## - УДК | |
| Текстов определител УДК | География на България |
| УДК код - определител по УДК | 913(497.2) |
| УДК - код + определител | 913(497.2)(084) |
| 080 ## - УДК | |
| Текстов определител УДК | История на България |
| УДК код - определител по УДК | 94(497.2) |
| УДК - код + определител | 94(497.2)(084) |
| 139 ## - Редно поле | |
| Редна дума | Национален парк-музей Шипка-Бузлуджа |
| 245 10 - Сведения за заглавието | |
| Заглавие | Национален парк-музей Шипка-Бузлуджа |
| Подзаглавни данни | [Изобразителен материал] : [Комплект фотоснимки] |
| Редно поле (дума) | Худож. Петър Петров ; снимки Д. Влаев, Вл. Димчев ; ред. Вела Горинова. |
| 257 ## - Страна на издаване | |
| Страна на създаване/издаване | България |
| 260 ## - Област на издателските данни | |
| Име на издателя, разпространителя и проч. | Фотоиздат |
| Година на издаване | 1974 |
| 9 (RLIN) | 217100 |
| 300 ## - Физическа характеристика | |
| Страници | 1 папка (15 отд. л.) |
| Илюстрации и др. | мнцв. фоторепрод. |
| Размери/Мащаб | 17х16 см |
| 380 ## - Жанр | |
| Жанр | География |
| 500 ## - Общи забележки | |
| Забележка | 10 000 тир. |
| 650 #0 - Допълнително описание по предмет – тема | |
| Основно описание – тема или топоним | Исторически паметници - България |
| 9 (RLIN) | 252814 |
| 651 #7 - Допълнително описание по предмет - топоним | |
| Географско понятие | Шипка |
| 9 (RLIN) | 179803 |
| 651 #7 - Допълнително описание по предмет - топоним | |
| Географско понятие | Бузлуджа |
| 9 (RLIN) | 178673 |
| 653 ## - Ключова дума – ненормативна | |
| Ключова дума | албуми |
| 700 ## - Други автори (авторска отговорност) | |
| Лично име | Петров, Петър Георгиев |
| Автороска отговорност (Описва отношението между автора и произведението) | худож. |
| 9 (RLIN) | 1637 |
| 700 ## - Други автори (авторска отговорност) | |
| Лично име | Влаев, Димитър Влаев |
| Автороска отговорност (Описва отношението между автора и произведението) | сн. |
| 9 (RLIN) | 1402 |
| 700 ## - Други автори (авторска отговорност) | |
| Лично име | Димчев, Владимир Иванов |
| Автороска отговорност (Описва отношението между автора и произведението) | сн. |
| 9 (RLIN) | 1402 |
| 700 ## - Други автори (авторска отговорност) | |
| Лично име | Горинова, Вела |
| Автороска отговорност (Описва отношението между автора и произведението) | ред. |
| 9 (RLIN) | 1311 |
| 852 ## - Местоположение | |
| Форматна сигнатура | Цб І 38929 |
| Фондова буква | Хранилище |
| 999 ## - СИСТЕМНИ КОНТРОЛНИ НОМЕРА | |
| Koha biblionumber | 375799 |
| Koha biblioitemnumber | 375799 |
| 942 ## - АРТИКУЛИ | |
| Вид на библиотечния материал | Графични издания |
| Скрит в OPAC | Не |
| Периодичен библиозапис | Да |
| 944 ## - СЪЗДАВАНЕ И РЕДАКЦИЯ на ЗАПИСА | |
| Създаване/Редакция | Създаване |
| Дата на регистрацията/редакция | 2020-07-17 |
| Служител, извършил регистрацията/редакцията | Кети |
| Код за отписване | Код за изгубен артикул | Източник на класификационната схема | Код за повреда | Коз за рестрикции | Код за отдаване | Артикулен № | Име на библиотеката - собственик | Име на библиотеката, в която се намира в момента | Статус (Текущо местоположение) | Дата на вписване в системата | Местоположение - отдел | Цена в лева | Инвентарен номер | Систематично азбучна сигнатура | Баркод | Цена в евро | Служебен тип на артикула |
|---|---|---|---|---|---|---|---|---|---|---|---|---|---|---|---|---|---|
| Не е изгубен | Universal Decimal Classification | Не е повреден | без рестрикции | ползва се в читалня | 784952 | Регионална библиотека "Любен Каравелов" Русе | Регионална библиотека "Любен Каравелов" Русе | Хранилище | 2020-07-21 | Хранилище | 2.70 | 181180 | Цб І 38929 | 120000181180 | 1.38 | Графични издания |